Air Hong Kong Destinations - Statistics

General Stats
  • This quiz has been taken 31 times
  • The average score is 10 of 13
Answer Stats
Answer % Correct
Beijing
100%
Tokyo (Narita)
100%
Shanghai (Pudong)
95%
Bangkok
91%
Singapore
91%
Osaka
86%
Seoul
86%
Manila
77%
Nagoya
59%
Hong Kong
50%
Ho Chi Minh City
45%
Taiwan Taoyuan
41%
Penang
27%
No matching quizzes found
Score Distribution
Percent of People with Each Score
Percentile by Number Answered
Your Score History
You have not taken this quiz